¿Es la integración regional una estrategia de desarrollo? /
En este trabajo se intenta contribuir al debate exponiendo algunas consideraciones acerca del papel que tiene la integración regional como estrategia de desarrollo. Para ello, y tras un breve recorrido histórico por la evolución del concepto de desarrollo, se muestran las distintas teorías acerca de...
Na minha lista:
| Autor principal: | |
|---|---|
| Outros Autores: | |
| Formato: | Texto |
| Assuntos: | |
| Tags: |
Adicionar Tag
Sem tags, seja o primeiro a adicionar uma tag!
|
MARC
| LEADER | 00000 a a2200000 04500 | ||
|---|---|---|---|
| 001 | 46163 | ||
| 003 | |||
| 040 | |||
| 100 | |a Mendoza Alvarez, Carolina | ||
| 245 | |a ¿Es la integración regional una estrategia de desarrollo? / |c Carolina Mendoza Alvarez, María José Vázquez Cueto | ||
| 520 | |a En este trabajo se intenta contribuir al debate exponiendo algunas consideraciones acerca del papel que tiene la integración regional como estrategia de desarrollo. Para ello, y tras un breve recorrido histórico por la evolución del concepto de desarrollo, se muestran las distintas teorías acerca del binomio integración-desarrollo y la opinión de las autoras sobre las mismas. Además presentan evidencia empírica de las relaciones entre estos dos conceptos, apoyándose en los resultados de investigaciones que intentan explicar esta relación a través de la existencia de convergencia económica entre los países. Para concluir, se particularizan las reflexiones al caso de la integración regional latinoamericana. | ||
| 590 | |a AMB/MAYO2014 | ||
| 650 | |a A)DESARROLLO | ||
| 650 | |a B)ECONOMIA | ||
| 650 | |a C)INTEGRACION | ||
| 650 | |a D)INTEGRACION REGIONAL | ||
| 650 | |a E)AMERICA LATINA | ||
| 700 | |a Vázquez Cueto, María José | ||
| 773 | |g volumen20, número36 ( , 2009), páginas 71-82 | ||
| 999 | |c 36476 |d 36476 | ||
